| 000 | 00514nam a22001817a 4500 | ||
|---|---|---|---|
| 005 | 20250228133435.0 | ||
| 008 | 250228b |||||||| |||| 00| 0 eng d | ||
| 020 | _a9780077127138 | ||
| 050 | _aHF5413.13 HOL | ||
| 100 | _aHollensen Svend | ||
| 245 |
_aMarketing Planning: _bA Global Perspective/ _cSvend Hollensen |
||
| 250 | _a2nd Ed. | ||
| 260 |
_aLondon _bMcGraw-Hill Education _c2010 |
||
| 300 |
_axxiii. 430p. _bill. _c24 cm |
||
| 500 | _aIncludes Index | ||
| 650 | _2Marketing | ||
| 942 |
_2lcc _cBK _e2nd Ed. _n0 |
||
| 999 |
_c4425 _d4425 |
||